000 00769nam a2200265 a 4500
001 BRL_1819
005 20190320211400.0
008 050815s1982----mx-ab#####---#000-0#spa-#
020 _a9681612779
041 _aspa
044 _amx
050 4 _aE58
_b.K75 1982
100 1 _aKrickeberg, Walter
_923510
245 1 0 _aEtnología de América
_cWalter Krickeberg ; versión de Pedro Hendrich.
260 _aMéxico
_bFondo de Cultura Económica
_c1982
300 _a498 p.
_bil.
_c23 cm.
440 0 _aSección de obras de antropología
_927960
500 _aAu2082
500 _aIncluye índice analítico
650 1 4 _aIndígenas
_923296
650 1 4 _aEtnología
_zAmérica
_923841
700 1 _aHendrich, Pedro
_etr.
_927961
902 _aGRL
942 _2lcc
_cB
999 _c10627
_d10627